000 01667nam0a2200421 4500
001 RU\NLR\bibl\386766
005 20260406155816.0
010 _a5-344-00025-1
_95000
021 _aRU
_b2002-66634
_93230
035 _a(NLR Aleph) 000381120
090 _a456260
_c456260
100 _a20030402d2003 |||y0rusy50 ca
101 1 _arus
_ceng
102 _aRU
105 _aa |||||||||
200 1 _aНэйгун. Искусство омоложения организма
_fМантэк Чиа, Мэниван Чиа
_g[Пер. с англ. В. Ижакевич и др.]
210 _aМ.
_cСофия
_cГелиос
_d2003
215 _a311, [1] с.
_cил.
_d20
300 _aЗагл. и авт. ориг.: Bone Marrow nei kung/ Mantak Chia, Maneewan Chia
300 _aНа обл. только 1-й авт.
454 0 _12001#$aBone Marrow nei kung$fMantak Chia, Maneewan Chia
_tBone Marrow nei kung
606 0 _aНейгун
_jПопулярные издания
_92120146
_3RU\NLR\auth\661280341
610 0 _aДолголетие
610 0 _aГимнастика оздоровительная китайская
610 0 _aДаосизм
675 _a615.821.2(-581)
_v3
_zrus
686 _a76.29
_2rugasnti
686 _a53.54
_2rubbk
686 _aР359.11я9
700 1 _4070
_8rus
_7ca
_aЧиа
_bМ.
_f1944-
_gМантэк
_3RU\NLR\auth\777960
_9117882
701 1 _4070
_8rus
_7ca
_aЧиа
_bМ.
_gМэниван
_3RU\NLR\auth\777961
_9117883
801 0 _aRU
_bRKP
_c20030402
_gPSBO
801 1 _aRU
_bRKP
_c20030402
801 2 _aRU
_bNLR
_c20101216
_grcr
942 _cBOOK
980 _aNB